Pope or Italian footballer? Quiz Stats

 Plays Quiz not verified by Sporcle

Also try: Biblical Couples
Challenge
Share
Tweet
Embed
Score 0/40 Timer 02:00
0 Plays Today
Name Pope (P) or Footballer (F)? % Correct
Roberto Baggio???
83.2%
Alessandro Nesta???
77.2%
Sandro Mazzola???
75.4%
Tommaso Rocchi???
73.7%
Giacinto Facchetti???
71.3%
Sinibaldo Fieschi???
67.1%
Pietro Boccapecora???
66.5%
Francesco Morini???
65.9%
Anselmo da Baggio???
65.3%
Enrico Albertosi???
64.7%
Benedetto Caetani???
63.5%
Francesco Rizzo???
62.9%
Gregorio Papareschi???
62.3%
Giovanni Coniulo???
61.7%
Pietro Anastasi???
60.5%
Giuseppe Furino???
60.5%
Lamberto Scannabecchi???
59.3%
Alessandro Farnese???
59.3%
Pietro Campanor???
58.7%
Uberto Crivelli???
58.1%
Name Pope (P) or Footballer (F)? % Correct
Tebaldo Visconti???
58.1%
Tommaso Parentucelli???
57.5%
Giacomo Bulgarelli???
57.5%
Roberto Rosato???
57.5%
Girolamo Masci???
56.9%
Angelo Anquilletti???
55.7%
Luciano Spinosi???
55.7%
Giacinto Bobone???
55.1%
Romano Fogli???
55.1%
Giovanni Lodetti???
53.9%
Goffredo Castiglioni???
53.9%
Roberto Anzolin???
51.5%
Marcello Cervini???
50.3%
Gianfranco Leoncini???
49.1%
Pierluigi Pizzaballa???
48.5%
Giancarlo Bercellino???
48.5%
Pietro Tomacelli???
46.1%
Spartaco Landini???
44.3%
Giacomo Savelli???
43.7%
Paolo Scolari???
41.9%

You're not logged in!

Compare scores with friends on all Sporcle quizzes.
OR
Log In

You Might Also Like...

Show Comments

Extras

Top Quizzes Today


Score Distribution

Your Account Isn't Verified!

In order to create a playlist on Sporcle, you need to verify the email address you used during registration. Go to your Sporcle Settings to finish the process.

Report this User

Report this user for behavior that violates our Community Guidelines.

Details: